[Event "Hradec Kralove Open 2021 - A FIDE Open"]
[Site "Cernigov hotel, Hradec Kralove"]
[Date "2021.11.12"]
[Round "8"]
[Board "10"]
[White "Zdechovsky, Tobias"]
[Black "Nemec, Otakar"]
[Result "1/2-1/2"]
[WhiteElo "2012"]
[BlackElo "1837"]
[PlyCount "95"]
[EventDate "2021.11.06"]
[EventRounds "9"]
[EventCountry "CZE"]

1. d4 Nf6 2. c4 g6 3. Nc3 d5 4. Nf3 Bg7 5. Bf4 c6 6. e3 O-O 7. Rc1 Bg4 8. h3
Bxf3 9. Qxf3 a6 10. Bd3 e6 11. O-O Nbd7 12. Rfd1 Qe7 13. Qe2 Rac8 14. Bg5 Rfe8
15. e4 dxe4 16. Bxe4 h6 17. Bh4 g5 18. Bg3 Nxe4 19. Nxe4 e5 20. dxe5 Bxe5 21.
Nd6 Bxd6 22. Qxe7 Rxe7 23. Rxd6 Kg7 24. Rcd1 Nf6 25. f3 Nh5 26. Bf2 Nf4 27. Kf1
Rce8 28. R1d2 Ne6 29. g3 Kh7 30. Bb6 Kg7 31. Ba5 f5 32. Bb4 c5 33. Bc3+ Kf7 34.
R2d5 f4 35. g4 Kg8 36. Re5 Kh7 37. Kf2 Kg8 38. b3 Kh7 39. a4 Kg8 40. a5 Kh7 41.
Rdd5 Kg8 42. Ke2 Nd4+ 43. Bxd4 cxd4 44. Rxe7 Rxe7+ 45. Kf2 Re3 46. Rxd4 Rxb3
47. Rd7 Rb2+ 48. Ke1  1/2-1/2

[Event "Hradec Kralove Open 2021 - A FIDE Open"]
[Site "Cernigov hotel, Hradec Kralove"]
[Date "2021.11.12"]
[Round "8"]
[Board "11"]
[White "Marinc, Damir"]
[Black "Dusbaba, Karel"]
[Result "1/2-1/2"]
[WhiteElo "1906"]
[BlackElo "2007"]
[PlyCount "97"]
[EventDate "2021.11.06"]
[EventRounds "9"]
[EventCountry "CZE"]

1. d4 e6 2. c4 d5 3. Nc3 f5 4. cxd5 exd5 5. Nf3 Nf6 6. Bg5 c6 7. Bxf6 Qxf6 8.
e3 Bd6 9. Qc2 O-O 10. Bd3 Be6 11. g3 Qe7 12. Ne5 Nd7 13. Nxd7 Bxd7 14. O-O Rf6
15. Rfe1 Raf8 16. Bf1 Rh6 17. Re2 Be8 18. Ree1 g5 19. f4 Qg7 20. Qd2 Kh8 21. a3
Re6 22. Bg2 h5 23. Kf2 h4 24. Rg1 Qh6 25. Bf3 Rg6 26. Ne2 Rg7 27. Raf1 Bh5 28.
Bxh5 Qxh5 29. fxg5 Qxg5 30. Nf4 Re8 31. Qd1 Rh7 32. Qf3 Rg8 33. Ke2 hxg3 34.
hxg3 Rh2+ 35. Kd3 Bxf4 36. Rh1 Bxg3 37. Rxh2+ Bxh2 38. Qh3+ Kg7 39. Qxh2 Kf7
40. Qc7+ Kf6 41. Qe5+ Kg6 42. Qe6+ Kg7 43. Rxf5 Qg6 44. Qd7+ Kh6 45. Kc3 Rg7
46. Qc8 Rg8 47. Qd7 Rg7 48. Qc8 Rg8 49. Qd7  1/2-1/2

[Event "Hradec Kralove Open 2021 - A FIDE Open"]
[Site "Cernigov hotel, Hradec Kralove"]
[Date "2021.11.12"]
[Round "8"]
[Board "12"]
[White "Jiruse, Josef"]
[Black "Stary, Lukas"]
[Result "1-0"]
[WhiteElo "1962"]
[BlackElo "1887"]
[PlyCount "41"]
[EventDate "2021.11.06"]
[EventRounds "9"]
[EventCountry "CZE"]

1. e4 c5 2. Nc3 Nc6 3. f4 d6 4. Bc4 g6 5. d3 Bg7 6. Nf3 e6 7. O-O Nge7 8. Qe1
O-O 9. f5 gxf5 10. Bg5 Qd7 11. Qg3 Kh8 12. Rae1 a6 13. a3 b5 14. Ba2 Rg8 15.
Qh3 fxe4 16. Nxe4 e5 17. Qxd7 Bxd7 18. Nxd6 Rgf8 19. Bxe7 Nxe7 20. Nxf7+ Rxf7
21. Bxf7  1-0

[Event "Hradec Kralove Open 2021 - A FIDE Open"]
[Site "Cernigov hotel, Hradec Kralove"]
[Date "2021.11.12"]
[Round "8"]
[Board "13"]
[White "Lifshits, Felix"]
[Black "Smukowski, Bartosz"]
[Result "1-0"]
[WhiteElo "2185"]
[BlackElo "1558"]
[PlyCount "75"]
[EventDate "2021.11.06"]
[EventRounds "9"]
[EventCountry "CZE"]

1. e4 c5 2. Nc3 d6 3. g3 g6 4. Bg2 Nc6 5. Nge2 Bg7 6. O-O e6 7. d3 Nge7 8. Be3
e5 9. Qd2 O-O 10. Bh6 Be6 11. Bxg7 Kxg7 12. Nd5 Bxd5 13. exd5 Nb8 14. f4 f6 15.
fxe5 fxe5 16. Rxf8 Qxf8 17. Rf1 Qe8 18. Nc3 Na6 19. Qg5 Ng8 20. Ne4 h6 21. Qh4
Rd8 22. Bh3 Qe7 23. Qxe7+ Nxe7 24. Be6 Rf8 25. Rxf8 Kxf8 26. Nxd6 Nc7 27. Nxb7
Nexd5 28. Bxd5 Nxd5 29. Nxc5 Ke7 30. Ne4 Ke6 31. Kf2 Nb6 32. c4 Nc8 33. b4 Ne7
34. b5 Nf5 35. a4 Kd7 36. a5 Ke7 37. Nc3 Nd6 38. Ke3  1-0

[Event "Hradec Kralove Open 2021 - A FIDE Open"]
[Site "Cernigov hotel, Hradec Kralove"]
[Date "2021.11.12"]
[Round "8"]
[Board "14"]
[White "Tesar, Jan"]
[Black "Marsina, Stefan"]
[Result "1-0"]
[WhiteElo "1966"]
[BlackElo "1791"]
[PlyCount "73"]
[EventDate "2021.11.06"]
[EventRounds "9"]
[EventCountry "CZE"]

1. d4 d5 2. Nf3 Nf6 3. g3 Bf5 4. Bg2 e6 5. O-O Be7 6. c4 O-O 7. Qb3 Nc6 8. Bd2
Ne4 9. cxd5 exd5 10. Bf4 Na5 11. Qd1 b6 12. Nbd2 c5 13. Rc1 Qd7 14. Ne5 Qb5 15.
g4 Nxd2 16. Qxd2 Be6 17. e4 cxd4 18. exd5 Bxd5 19. a4 Qxa4 20. Bxd5 Rad8 21.
Nc6 Nxc6 22. Bxc6 Qb3 23. Be4 Bb4 24. Qd3 Qxd3 25. Bxd3 Bc5 26. Ba6 d3 27. Rfd1
Rd4 28. Rc4 Rfd8 29. Rxd4 Rxd4 30. Bg3 Rxg4 31. Rxd3 h5 32. Kf1 h4 33. Be5 Ra4
34. Rd8+ Kh7 35. Bd3+ Kh6 36. f4 Kh5 37. h3  1-0

[Event "Hradec Kralove Open 2021 - A FIDE Open"]
[Site "Cernigov hotel, Hradec Kralove"]
[Date "2021.11.12"]
[Round "8"]
[Board "15"]
[White "Barabas, Ales"]
[Black "Navratil, Jiri"]
[Result "1-0"]
[WhiteElo "1745"]
[BlackElo "1938"]
[PlyCount "45"]
[EventDate "2021.11.06"]
[EventRounds "9"]
[EventCountry "CZE"]

1. Nf3 d5 2. g3 Nf6 3. Bg2 c6 4. O-O Bf5 5. d4 e6 6. Nbd2 Nbd7 7. c4 Be7 8. a3
Ne4 9. Nxe4 Bxe4 10. Nd2 Bxg2 11. Kxg2 Bf6 12. e3 dxc4 13. Nxc4 Nb6 14. Nxb6
axb6 15. Bd2 O-O 16. Bc3 Re8 17. Qf3 b5 18. Rfd1 Qb6 19. Rd3 Rad8 20. Rad1 Rd7
21. e4 Be7 22. d5 exd5 23. Qg4  1-0

[Event "Hradec Kralove Open 2021 - A FIDE Open"]
[Site "Cernigov hotel, Hradec Kralove"]
[Date "2021.11.13"]
[Round "9"]
[Board "1"]
[White "Jirasek, Pavel"]
[Black "Maryasin, Boris"]
[Result "1-0"]
[WhiteElo "2271"]
[BlackElo "2286"]
[PlyCount "147"]
[EventDate "2021.11.06"]
[EventRounds "9"]
[EventCountry "CZE"]

1. c4 c5 2. Nf3 Nc6 3. Nc3 g6 4. e3 Nf6 5. d4 cxd4 6. exd4 d5 7. cxd5 Nxd5 8.
Qb3 Nxc3 9. Bc4 Nd5 10. Bxd5 e6 11. Bxc6+ bxc6 12. O-O Qd5 13. Be3 Bd6 14. Bh6
Qxb3 15. axb3 Ke7 16. Bg7 Rd8 17. Be5 f6 18. Bxd6+ Rxd6 19. Ra4 Rd5 20. Rfa1 a6
21. Rc4 Bd7 22. b4 Rb5 23. Ne1 e5 24. dxe5 Rxe5 25. Nd3 Re2 26. Kf1 Rd2 27.
Re1+ Kf8 28. Nc5 Rd8 29. Re2 Rd1+ 30. Re1 Rd2 31. g4 Bc8 32. Ne6+ Bxe6 33. Rxe6
Rxb2 34. Rexc6 Kg7 35. Rf4 g5 36. Rfxf6 Rxb4 37. h3 Rf8 38. Rxf8 Kxf8 39. Rxa6
Kg7 40. Kg2 Rb3 41. Ra5 h6 42. Re5 Kf6 43. Re3 Rb2 44. Kg3 Rb1 45. Rf3+ Kg6 46.
Ra3 Rg1+ 47. Kf3 Re1 48. Ra6+ Kg7 49. Ra5 Kg6 50. Kg2 Rb1 51. f3 Rb2+ 52. Kg3
Rb1 53. h4 Rb2 54. h5+ Kg7 55. Ra7+ Kg8 56. Ra1 Kg7 57. Rf1 Kf6 58. Rg1 Ra2 59.
Rb1 Ra6 60. Rb7 Rd6 61. Kf2 Re6 62. Rh7 Ke5 63. Rf7 Kd5 64. f4 gxf4 65. Kf3 Ra6
66. Kxf4 Re6 67. Rd7+ Kc6 68. Ra7 Kd5 69. Ra5+ Kd4 70. Kf5 Rb6 71. g5 hxg5 72.
Kxg5 Ke4 73. h6 Rb7 74. Kg4  1-0

[Event "Hradec Kralove Open 2021 - A FIDE Open"]
[Site "Cernigov hotel, Hradec Kralove"]
[Date "2021.11.13"]
[Round "9"]
[Board "2"]
[White "Pein, Jonathan"]
[Black "Plischki, Sebastian"]
[Result "0-1"]
[WhiteElo "2218"]
[BlackElo "2368"]
[PlyCount "100"]
[EventDate "2021.11.06"]
[EventRounds "9"]
[EventCountry "CZE"]

1. e4 e5 2. Nf3 Nc6 3. Bb5 a6 4. Ba4 Nf6 5. d3 b5 6. Bb3 Be7 7. O-O d6 8. a4
Bd7 9. Nc3 Na5 10. Ba2 b4 11. Nd5 Nxd5 12. exd5 O-O 13. Bd2 Rb8 14. c3 bxc3 15.
Bxc3 c5 16. dxc6 Nxc6 17. d4 Bg4 18. dxe5 Nxe5 19. Bxe5 Bxf3 20. Qxf3 dxe5 21.
Bc4 Rxb2 22. Bxa6 Bc5 23. Rab1 Bxf2+ 24. Kh1 Rxb1 25. Rxb1 Bb6 26. Qb3 Bd4 27.
Bc4 g6 28. Qb7 Bf2 29. g3 Qd4 30. Qd5 Qxd5+ 31. Bxd5 Rd8 32. Rb5 Rd7 33. a5 Kg7
34. a6 f5 35. Kg2 Bd4 36. Rb7 Rxb7 37. axb7 Ba7 38. Kf3 Kf6 39. h3 e4+ 40. Ke2
Ke5 41. Bg8 h6 42. Bb3 g5 43. Bc2 f4 44. gxf4+ gxf4 45. Ba4 f3+ 46. Kf1 e3 47.
Bb5 Bb8 48. h4 Kd4 49. h5 Kc3 50. Ba6 Kd2  0-1

[Event "Hradec Kralove Open 2021 - A FIDE Open"]
[Site "Cernigov hotel, Hradec Kralove"]
[Date "2021.11.13"]
[Round "9"]
[Board "3"]
[White "Sharon, Rafael"]
[Black "Michalek, Michal"]
[Result "1/2-1/2"]
[WhiteElo "1810"]
[BlackElo "2161"]
[PlyCount "62"]
[EventDate "2021.11.06"]
[EventRounds "9"]
[EventCountry "CZE"]

1. e4 e5 2. Nf3 Nc6 3. Nc3 Nf6 4. d4 exd4 5. Nxd4 Bb4 6. Nxc6 bxc6 7. Bd3 O-O
8. O-O d5 9. exd5 Bg4 10. f3 Bh5 11. Bg5 Qd6 12. Kh1 Bxc3 13. bxc3 Nxd5 14. Qd2
Bg6 15. Rfe1 Rfe8 16. Rad1 Qa3 17. c4 Nc3 18. Rxe8+ Rxe8 19. Re1 Rxe1+ 20. Qxe1
Bxd3 21. cxd3 Nxa2 22. Qe8+ Qf8 23. Qxc6 Qb8 24. h3 h6 25. Bf4 Qb1+ 26. Kh2
Qxd3 27. Qxc7 Nc3 28. c5 Ne2 29. c6 Qd4 30. Qc8+ Kh7 31. Qf5+ Kg8  1/2-1/2

[Event "Hradec Kralove Open 2021 - A FIDE Open"]
[Site "Cernigov hotel, Hradec Kralove"]
[Date "2021.11.13"]
[Round "9"]
[Board "4"]
[White "Zelbova, Lada"]
[Black "Winter, Ondrej"]
[Result "0-1"]
[WhiteElo "1956"]
[BlackElo "2074"]
[PlyCount "116"]
[EventDate "2021.11.06"]
[EventRounds "9"]
[EventCountry "CZE"]

1. d4 d5 2. c4 dxc4 3. e4 b5 4. a4 c6 5. Nc3 a6 6. axb5 cxb5 7. Nxb5 axb5 8.
Rxa8 Bb7 9. Ra1 e6 10. Nf3 Bxe4 11. Be2 Nc6 12. O-O Bb4 13. Be3 Nge7 14. b3 Bc3
15. Rc1 Bb2 16. bxc4 Bxc1 17. Qxc1 bxc4 18. Qxc4 O-O 19. Nd2 Bd5 20. Qc5 Nf5
21. Bf3 Bxf3 22. Nxf3 Nce7 23. Bc1 Qa8 24. Qa3 Nc6 25. Rd1 Qxa3 26. Bxa3 Rd8
27. Kf1 h5 28. Rd2 f6 29. h4 Nfxd4 30. Nxd4 Rxd4 31. Rxd4 Nxd4 32. Bb2 Nf5 33.
g3 Kf7 34. Kg2 Ke7 35. Kf3 Kd6 36. Ke4 Kc6 37. Ba3 Nd6+ 38. Kf3 Kd5 39. Kf4 e5+
40. Kf3 g5 41. hxg5 fxg5 42. Kg2 Nf5 43. Bc1 g4 44. Bg5 e4 45. Kf1 Nd4 46. Bf4
Kc4 47. Be5 Kd3 48. Bf4 Nf5 49. Bg5 e3 50. fxe3 Nxg3+ 51. Kg2 Ne4 52. Bf4 Ke2
53. Bh6 h4 54. Bg7 h3+ 55. Kg1 Kf3 56. Be5 g3 57. Bc7 h2+ 58. Kh1 Nf2#  0-1

[Event "Hradec Kralove Open 2021 - A FIDE Open"]
[Site "Cernigov hotel, Hradec Kralove"]
[Date "2021.11.13"]
[Round "9"]
[Board "5"]
[White "Kulhanek, Jachym"]
[Black "Thuesen, Mogens"]
[Result "0-1"]
[WhiteElo "1913"]
[BlackElo "2188"]
[PlyCount "64"]
[EventDate "2021.11.06"]
[EventRounds "9"]
[EventCountry "CZE"]

1. e4 e6 2. d3 d5 3. Nd2 Nf6 4. Ngf3 c5 5. g3 Nc6 6. Bg2 Be7 7. O-O O-O 8. Re1
b5 9. e5 Nd7 10. Nf1 Qc7 11. Bf4 Bb7 12. h4 a5 13. N1h2 Rfc8 14. Ng4 Bf8 15. h5
h6 16. Qd2 b4 17. Bxh6 gxh6 18. Nxh6+ Bxh6 19. Qxh6 Qd8 20. Ng5 Nf8 21. Be4
dxe4 22. Rxe4 Nxe5 23. Rxe5 f6 24. Nxe6 Qe7 25. Nxf8 fxe5 26. Ng6 Qf6 27. g4
Re8 28. g5 Qg7 29. Qxg7+ Kxg7 30. Nh4 Rf8 31. Re1 Rae8 32. Re3 Rf4  0-1

[Event "Hradec Kralove Open 2021 - A FIDE Open"]
[Site "Cernigov hotel, Hradec Kralove"]
[Date "2021.11.13"]
[Round "9"]
[Board "6"]
[White "Kamenskyi, Dmytro"]
[Black "Jiruse, Josef"]
[Result "0-1"]
[WhiteElo "1973"]
[BlackElo "1962"]
[PlyCount "138"]
[EventDate "2021.11.06"]
[EventRounds "9"]
[EventCountry "CZE"]

1. e4 c6 2. d4 d5 3. exd5 cxd5 4. c4 Nf6 5. Nc3 Nc6 6. Nf3 e6 7. cxd5 Nxd5 8.
Bc4 Bb4 9. Bd2 O-O 10. a3 Nxc3 11. bxc3 Be7 12. O-O b6 13. Qe2 Bb7 14. Rfe1 Bf6
15. Bd3 Rc8 16. h4 Na5 17. Ng5 g6 18. Rab1 Bd5 19. Qd1 Nc4 20. a4 Kg7 21. g3
Qd7 22. Bc1 Qb7 23. Kh2 Rh8 24. Ne4 Be7 25. Bf4 Qd7 26. h5 f6 27. h6+ Kf7 28.
Bf1 Nd6 29. Nxd6+ Bxd6 30. Bxd6 Qxd6 31. Qd2 Rc7 32. Rec1 Ba8 33. Qe3 Qd5 34.
Bh3 Re8 35. Re1 Bc6 36. Rb4 Bd7 37. Bg2 Qh5+ 38. Kg1 g5 39. Bf3 Qxh6 40. Kg2
Qg7 41. Bh5+ Kf8 42. Bxe8 Kxe8 43. d5 e5 44. f4 gxf4 45. Rxf4 Kd8 46. Rh4 Qg6
47. Re2 h5 48. Rf2 Bg4 49. Rh1 e4 50. Re1 f5 51. Rf4 h4 52. Rxg4 Qxg4 53. Rh1
Qxg3+ 54. Qxg3 hxg3 55. Kxg3 Rxc3+ 56. Kf4 e3 57. Rh2 Rd3 58. Ke5 f4 59. Kxf4
Rxd5 60. Kxe3 Kc7 61. Rh7+ Rd7 62. Rxd7+ Kxd7 63. Kd4 Kd6 64. Kc4 Kc6 65. Kd4
Kc7 66. Kc4 Kc8 67. Kb5 Kb7 68. Kc4 a6 69. Kb4 Kc7 {time}  0-1

[Event "Hradec Kralove Open 2021 - A FIDE Open"]
[Site "Cernigov hotel, Hradec Kralove"]
[Date "2021.11.13"]
[Round "9"]
[Board "7"]
[White "Valenta, Vit Vaclav"]
[Black "Lifshits, Felix"]
[Result "1/2-1/2"]
[WhiteElo "2042"]
[BlackElo "2185"]
[PlyCount "57"]
[EventDate "2021.11.06"]
[EventRounds "9"]
[EventCountry "CZE"]

1. e4 c5 2. Nc3 Nc6 3. g3 g6 4. Bg2 Bg7 5. Nge2 e6 6. O-O Nge7 7. Nf4 O-O 8. d3
d6 9. a4 Rb8 10. Nce2 a6 11. c3 b5 12. axb5 axb5 13. d4 cxd4 14. Nxd4 Nxd4 15.
cxd4 d5 16. exd5 exd5 17. Re1 Bb7 18. Bd2 Nf5 19. Bb4 Re8 20. Rxe8+ Qxe8 21.
Bc5 Ra8 22. Nxd5 Rxa1 23. Qxa1 Bxd5 24. Bxd5 Nxd4 25. Kg2 Ne6 26. Be3 h5 27.
Qa2 Qd7 28. Qa8+ Kh7 29. Qc6  1/2-1/2

[Event "Hradec Kralove Open 2021 - A FIDE Open"]
[Site "Cernigov hotel, Hradec Kralove"]
[Date "2021.11.13"]
[Round "9"]
[Board "8"]
[White "Dambrauskas, Virginijus"]
[Black "Barabas, Ales"]
[Result "1-0"]
[WhiteElo "2186"]
[BlackElo "1745"]
[PlyCount "154"]
[EventDate "2021.11.06"]
[EventRounds "9"]
[EventCountry "CZE"]

1. d4 Nf6 2. c4 g6 3. Nc3 d5 4. h4 h5 5. Bg5 c6 6. e3 Nbd7 7. Nf3 Bg7 8. Qc2
Nb6 9. c5 Nbd7 10. Bd3 b6 11. b4 a5 12. b5 Bb7 13. bxc6 Bxc6 14. cxb6 Qxb6 15.
Rb1 Qd8 16. Bf4 O-O 17. O-O Rc8 18. Qb3 Ne4 19. Rfc1 Ndf6 20. Nd1 Ba8 21. Qb5
Nd6 22. Rxc8 Qxc8 23. Bxd6 exd6 24. Qxa5 Ne4 25. Qb4 Qc6 26. a4 Rc8 27. a5 Bf6
28. Bb5 Qb7 29. Bd3 Qxb4 30. Rxb4 Kg7 31. g3 Rc1 32. Rb1 Rxb1 33. Bxb1 Bd8 34.
a6 Bb6 35. Bd3 f6 36. Kf1 Bc6 37. Nb2 Nc3 38. Nd2 Ba5 39. Nb3 Bb6 40. f3 Bb5
41. Ke1 Bc6 42. Kd2 Nb5 43. Kc2 Nc7 44. Kc3 Kf7 45. Kb4 f5 46. Na5 Bd7 47. Na4
Ba7 48. Nb7 Ke7 49. Ka5 Na8 50. Be2 Bc8 51. Bb5 Bd7 52. Nc3 Nb6 53. Bxd7 Kxd7
54. Nb5 Nc4+ 55. Kb4 Bb8 56. a7 Bxa7 57. Nxa7 Nxe3 58. Nb5 f4 59. gxf4 Nf5 60.
N7xd6 Nxh4 61. Nf7 Ng2 62. Ne5+ Ke6 63. Nc7+ Kd6 64. Nb5+ Ke6 65. Kc5 Nxf4 66.
Nc7+ Kf5 67. Nxd5 Ne6+ 68. Kc4 g5 69. Nd3 g4 70. Ne3+ Kg5 71. d5 Nd8 72. f4+
Kf6 73. Kd4 Nf7 74. Nf2 Ke7 75. Ne4 Nd6 76. Nxd6 Kxd6 77. Nf5+ Kd7  1-0

[Event "Hradec Kralove Open 2021 - A FIDE Open"]
[Site "Cernigov hotel, Hradec Kralove"]
[Date "2021.11.13"]
[Round "9"]
[Board "11"]
[White "Nemec, Otakar"]
[Black "Tsifanskaya, Ludmila A"]
[Result "1-0"]
[WhiteElo "1837"]
[BlackElo "1987"]
[PlyCount "99"]
[EventDate "2021.11.06"]
[EventRounds "9"]
[EventCountry "CZE"]

1. e4 c5 2. c3 Nf6 3. e5 Nd5 4. d4 e6 5. Nf3 Nc6 6. Bc4 d6 7. O-O Be7 8. Qe2
O-O 9. Qe4 cxd4 10. cxd4 Nb6 11. Bd3 g6 12. Bh6 Re8 13. Nc3 a6 14. h4 Nb4 15.
Bb1 N4d5 16. Nxd5 exd5 17. Qf4 Be6 18. Bd3 dxe5 19. dxe5 Nd7 20. Rac1 Nc5 21.
Bb1 Ne4 22. a3 Qb6 23. Bxe4 dxe4 24. Nd2 e3 25. Ne4 Rec8 26. fxe3 Qxb2 27. Rb1
Qxa3 28. Rxb7 Rc1 29. Rxc1 Qxc1+ 30. Kh2 Qa3 31. Nd6 Bxd6 32. exd6 Qc3 33. Bg5
h6 34. Bf6 Qc6 35. Rc7 Qb6 36. d7 Bxd7 37. Rxd7 Re8 38. Bd4 Qb8 39. Rxf7 Qxf4+
40. Rxf4 Re6 41. Rf6 Rxf6 42. Bxf6 a5 43. Kg3 Kf7 44. Bc3 a4 45. Kf4 Ke6 46.
Ke4 a3 47. g4 a2 48. h5 gxh5 49. gxh5 Kd6 50. Kf5  1-0

[Event "Hradec Kralove Open 2021 - A FIDE Open"]
[Site "Cernigov hotel, Hradec Kralove"]
[Date "2021.11.13"]
[Round "9"]
[Board "13"]
[White "Szkoludek, Sebastian"]
[Black "Lambrecht, Tomasz"]
[Result "1/2-1/2"]
[WhiteElo "1916"]
[BlackElo "1876"]
[PlyCount "26"]
[EventDate "2021.11.06"]
[EventRounds "9"]
[EventCountry "CZE"]

1. Nf3 d5 2. c4 c6 3. b3 Bf5 4. Bb2 e6 5. g3 h6 6. Bg2 Nf6 7. O-O Be7 8. d3 O-O
9. Nbd2 Nbd7 10. Rc1 Bh7 11. Qc2 Re8 12. Qb1 a5 13. a3 Bd6  1/2-1/2

[Event "Hradec Kralove Open 2021 - A FIDE Open"]
[Site "Cernigov hotel, Hradec Kralove"]
[Date "2021.11.13"]
[Round "9"]
[Board "14"]
[White "Lysenko, Volodymyr"]
[Black "Bergerhoff, Andreas"]
[Result "0-1"]
[WhiteElo "1845"]
[BlackElo "2039"]
[PlyCount "41"]
[EventDate "2021.11.06"]
[EventRounds "9"]
[EventCountry "CZE"]

1. d4 f5 2. e4 fxe4 3. Nc3 Nf6 4. Bg5 b6 5. Bxf6 exf6 6. Nxe4 Qe7 7. Qe2 Ba6 8.
Qe3 d5 9. Bxa6 Nxa6 10. Nc3 Qxe3+ 11. fxe3 Bb4 12. Nge2 O-O-O 13. a3 Bxc3+ 14.
Nxc3 Rhe8 15. Ke2 c6 16. g4 Re7 17. Rae1 Nc7 18. Kf3 Rde8 19. e4 Ne6 20. exd5
Ng5+ 21. Kf2  0-1

[Event "Hradec Kralove Open 2021 - A FIDE Open"]
[Site "Cernigov hotel, Hradec Kralove"]
[Date "2021.11.13"]
[Round "9"]
[Board "21"]
[White "Smukowski, Bartosz"]
[Black "Macho, Miloslav"]
[Result "1/2-1/2"]
[WhiteElo "1558"]
[BlackElo "1653"]
[PlyCount "41"]
[EventDate "2021.11.06"]
[EventRounds "9"]
[EventCountry "CZE"]

1. d4 Nf6 2. c4 e6 3. Nc3 Bb4 4. Bg5 h6 5. Bh4 g5 6. Bg3 Ne4 7. Qc2 Nxg3 8.
hxg3 b6 9. a3 Bxc3+ 10. Qxc3 Qf6 11. Qf3 Qxf3 12. Nxf3 f6 13. e3 Bb7 14. Bd3 d6
15. O-O-O Bxf3 16. gxf3 Nd7 17. Be4 O-O-O 18. f4 f5 19. Bc2 Nf6 20. d5 Nd7 21.
b3  1/2-1/2

[Event "Hradec Kralove Open 2021 - A FIDE Open"]
[Site "Cernigov hotel, Hradec Kralove"]
[Date "2021.11.13"]
[Round "9"]
[Board "26"]
[White "Mazatis, Benjamin"]
[Black "Kutak, Jaroslav"]
[Result "1-0"]
[WhiteElo "1562"]
[BlackElo "1257"]
[PlyCount "59"]
[EventDate "2021.11.06"]
[EventRounds "9"]
[EventCountry "CZE"]

1. d4 Nf6 2. c4 e6 3. Nf3 d5 4. Nc3 Bb4 5. cxd5 Nxd5 6. Bd2 O-O 7. e3 Nxc3 8.
Bxc3 Bxc3+ 9. bxc3 Nc6 10. a3 Bd7 11. Bd3 Ne7 12. h4 h5 13. Ne5 g6 14. g4 Nc6
15. gxh5 Nxe5 16. dxe5 Kg7 17. Qg4 Be8 18. Rd1 Qe7 19. hxg6 f5 20. Qb4 Qxb4 21.
axb4 Kxg6 22. f4 Kh5 23. Kf2 Bc6 24. Be2+ Kh6 25. Rhg1 a6 26. Rg5 Rad8 27. Rh5+
Kg7 28. Rg1+ Kf7 29. Rh7+ Ke8 30. Bh5+  1-0